[Event "Madrid-ch Previa-A"]
[Site "Madrid"]
[Date "2025.02.03"]
[Round "1.1"]
[White "Martin Consuegra, Barrilero Javier"]
[Black "Nunez Munoz, Jesus"]
[Result "0-1"]
[WhiteElo "1798"]
[BlackElo "1996"]
[PlyCount "94"]
[GameId "2141338064645107"]
[EventDate "2025.02.03"]
[EventType "swiss"]
[EventRounds "9"]
[EventCountry "ESP"]

1. d4 Nf6 2. Nf3 e6 3. e3 b6 4. Bd3 c5 5. Nbd2 Bb7 6. O-O Be7 7. b3 O-O 8. Bb2 d6 9. c4 Nbd7 10. Qe2 Re8 11. h3 Qc7 12. Rac1 Rad8 13. Rfd1 Qb8 14. Bb1 Qa8 15. Ne1 d5 16. f4 cxd4 17. exd4 Bd6 18. Nd3 Ne4 19. Nf1 f5 20. Ne5 Ndf6 21. Qe3 Rc8 22. Kh2 Qb8 23. g3 Rc7 24. Bxe4 Nxe4 25. Rc2 Rec8 26. Rdc1 Bxe5 27. dxe5 Ba6 28. Qd4 dxc4 29. bxc4 Rd8 30. Qg1 Rcd7 31. Ba3 Rd3 32. Bd6 Nxd6 33. exd6 Qxd6 34. c5 bxc5 35. Qxc5 Qxc5 36. Rxc5 Ra3 37. R5c2 Bb7 38. Re1 Be4 39. Rb2 Bd5 40. Rd1 Rc8 41. Rdd2 Rc1 42. Kg1 Rxg3+ 43. Kh2 Rf3 44. Ng3 Rxf4 45. Rf2 Rxf2+ 46. Rxf2 Ra1 47. Nh5 Rxa2 0-1

[Event "Madrid-ch Previa-A"]
[Site "Madrid"]
[Date "2025.02.03"]
[Round "1.3"]
[White "Forteza Ribot, Juan"]
[Black "Gal, Eugen"]
[Result "0-1"]
[WhiteElo "1795"]
[BlackElo "1971"]
[PlyCount "82"]
[GameId "2141339328871439"]
[EventDate "2025.02.03"]
[EventType "swiss"]
[EventRounds "9"]
[EventCountry "ESP"]

1. e4 e5 2. Nf3 Nc6 3. Bb5 Nf6 4. d3 Bc5 5. O-O Nd4 6. Nxd4 Bxd4 7. c3 Bb6 8. Be3 c6 9. Ba4 Bxe3 10. fxe3 Qb6 11. Qd2 d6 12. Bb3 a5 13. Na3 a4 14. Bd1 Be6 15. Bf3 d5 16. exd5 cxd5 17. d4 e4 18. Be2 h5 19. Rac1 Rh6 20. Bb5+ Ke7 21. c4 Qd6 22. c5 Qc7 23. Qb4 Kf8 24. c6+ Kg8 25. cxb7 Qxb7 26. Qd6 Rg6 27. Rf2 Ng4 28. Re2 Rc8 29. Rxc8+ Qxc8 30. Nc2 Qb7 31. Qc6 Qa7 32. Bxa4 Kh7 33. Bb3 Qb8 34. g3 Nxh2 35. Ne1 Qxg3+ 36. Ng2 Bh3 37. Qc2 Nf3+ 38. Kf1 Qh2 39. Rf2 Qg1+ 40. Ke2 Rxg2 41. Rxg2 Qe1# 0-1

[Event "Madrid-ch Previa-A"]
[Site "Madrid"]
[Date "2025.02.03"]
[Round "1.4"]
[White "Lopez de Turiso, Jose Angel"]
[Black "Perez Hernandez, Alfonso"]
[Result "1/2-1/2"]
[WhiteElo "1967"]
[BlackElo "1794"]
[PlyCount "30"]
[GameId "2141340710808605"]
[EventDate "2025.02.03"]
[EventType "swiss"]
[EventRounds "9"]
[EventCountry "ESP"]

1. d4 Nf6 2. c4 c5 3. Nf3 cxd4 4. Nxd4 e5 5. Nb5 d5 6. cxd5 Bc5 7. N5c3 O-O 8. g3 Qb6 9. e3 Bg4 10. Be2 Bxe2 11. Qxe2 e4 12. Nd2 Re8 13. O-O Nbd7 14. a3 a5 15. Nc4 Qd8 1/2-1/2

[Event "Madrid-ch Previa-A"]
[Site "Madrid"]
[Date "2025.02.03"]
[Round "1.6"]
[White "Vazquez Gonzalez, Francisco"]
[Black "De Dompablo Fantova, Juan"]
[Result "1-0"]
[WhiteElo "1965"]
[BlackElo "1782"]
[PlyCount "108"]
[GameId "2141341342952505"]
[EventDate "2025.02.03"]
[EventType "swiss"]
[EventRounds "9"]
[EventCountry "ESP"]

1. e4 e5 2. Nf3 Nc6 3. Bc4 Nf6 4. d3 Bc5 5. c3 d6 6. Bb3 a6 7. Nbd2 Ba7 8. Nf1 Ne7 9. Ng3 Ng6 10. O-O O-O 11. h3 c6 12. Re1 h6 13. d4 Qc7 14. Be3 Re8 15. Qd2 Kh7 16. Bc2 b5 17. Rad1 c5 18. Bb1 c4 19. Nf5 Be6 20. g4 d5 21. g5 Nxe4 22. Bxe4 dxe4 23. N3h4 Bxf5 24. Nxf5 Nf4 25. Bxf4 exf4 26. gxh6 gxh6 27. Kh2 Rg8 28. Rxe4 f3+ 29. Ng3 Rae8 30. Qe3 Rxe4 31. Qxe4+ Rg6 32. Qxf3 Qe7 33. Rd2 Rf6 34. Qe4+ Qxe4 35. Nxe4 Bb8+ 36. Kg2 Re6 37. Kf3 f5 38. Nc5 Rg6 39. Re2 Ba7 40. Re7+ Rg7 41. Rxg7+ Kxg7 42. Nxa6 Bb6 43. Nb4 Kg6 44. Nd5 Bd8 45. b3 Kf7 46. bxc4 bxc4 47. Ne3 Ba5 48. Nxc4 Bxc3 49. Ke3 Ke6 50. Kd3 Be1 51. f3 Kf6 52. a4 Kg5 53. a5 Bxa5 54. Nxa5 Kh4 1-0

[Event "Madrid-ch Previa-A"]
[Site "Madrid"]
[Date "2025.02.03"]
[Round "1.7"]
[White "Guardiola Sevilla, Antonio"]
[Black "Pastor Alonso De Prado, Alberto"]
[Result "0-1"]
[WhiteElo "1777"]
[BlackElo "1963"]
[PlyCount "94"]
[GameId "2141343031860297"]
[EventDate "2025.02.03"]
[EventType "swiss"]
[EventRounds "9"]
[EventCountry "ESP"]

1. e4 c6 2. d4 d5 3. e5 c5 4. c3 Nc6 5. Ne2 g6 6. Nd2 Bg7 7. h3 h5 8. Nf3 cxd4 9. cxd4 Nh6 10. Qb3 Nf5 11. Be3 O-O 12. Nf4 e6 13. Be2 Na5 14. Qc3 Bd7 15. Bd2 Nc4 16. Bxc4 Rc8 17. Qa5 Qxa5 18. Bxa5 Rxc4 19. Bc3 Rfc8 20. Nd2 Rxd4 21. Bxd4 Nxd4 22. O-O Rc2 23. Nb3 Bxe5 24. Nd3 Ne2+ 25. Kh1 Bd6 26. Rad1 Bb5 27. Na1 Rc8 28. Rd2 Nf4 29. Rc1 Rxc1+ 30. Nxc1 Bf1 31. f3 h4 32. Kg1 Bb5 33. Nc2 e5 34. Ne1 Bc5+ 35. Kh1 Be3 36. Rd1 f6 37. Ncd3 Ne2 38. Nc2 Ng3+ 39. Kh2 Bb6 40. Ndb4 d4 41. Nd3 Kf7 42. b3 a5 43. a4 Bc6 44. Na3 Ne2 45. Nc4 Bc7 46. Nf2 e4+ 47. Kh1 exf3 0-1

[Event "Madrid-ch Previa-A"]
[Site "Madrid"]
[Date "2025.02.03"]
[Round "1.8"]
[White "Arevillca Colque, Jonatan"]
[Black "Castro Miranda, Juan Raul"]
[Result "1-0"]
[WhiteElo "1957"]
[BlackElo "1776"]
[PlyCount "69"]
[GameId "2141344312867927"]
[EventDate "2025.02.03"]
[EventType "swiss"]
[EventRounds "9"]
[EventCountry "ESP"]

1. e4 c5 2. d4 cxd4 3. c3 dxc3 4. Nxc3 d6 5. Bc4 e6 6. Nf3 Be7 7. O-O Nf6 8. Qe2 O-O 9. Rd1 Ne8 10. Bf4 a6 11. Bb3 b5 12. e5 Qb6 13. Rac1 d5 14. Bxd5 Bb7 15. Be3 Qc7 16. Nxb5 Qd7 17. Bc6 Qc8 18. Bxe8 Qxe8 19. Nc7 Qa4 20. Nxa8 Bxa8 21. Nd4 Bd5 22. b3 Qa5 23. Qg4 Re8 24. Rc2 Ba3 25. Bh6 g6 26. h4 Nd7 27. Qf4 Bf8 28. Bxf8 Rxf8 29. Rdc1 Bb7 30. Rc7 Qd5 31. Nf3 f6 32. Qd4 Nxe5 33. Qxd5 Bxd5 34. Nxe5 fxe5 35. Ra7 1-0

[Event "Madrid-ch Previa-A"]
[Site "Madrid"]
[Date "2025.02.03"]
[Round "1.9"]
[White "Huerta Navarro, Eusebio"]
[Black "Sanchez Rodriguez, Jaime"]
[Result "0-1"]
[WhiteElo "1772"]
[BlackElo "1952"]
[PlyCount "94"]
[GameId "2141345421868133"]
[EventDate "2025.02.03"]
[EventType "swiss"]
[EventRounds "9"]
[EventCountry "ESP"]

1. e4 d5 2. exd5 Qxd5 3. Nc3 Qd6 4. Nf3 Nf6 5. d4 c6 6. Be3 Bg4 7. Be2 Nbd7 8. h3 Bh5 9. g4 Bg6 10. Bd3 e6 11. Bxg6 hxg6 12. Qd2 Nxg4 13. Bf4 Qb4 14. O-O-O Ngf6 15. Qe3 Nb6 16. Ne5 Nc4 17. Nxc4 Qxc4 18. Rhe1 Nd5 19. Nxd5 cxd5 20. Kb1 Rc8 21. Re2 Rxh3 22. Bg3 Be7 23. Red2 Bh4 24. Qf4 Bxg3 25. fxg3 Qc7 26. Qf1 Rxg3 27. Rh2 Ke7 28. Rf2 f5 29. Qb5 Kf7 30. Qe2 Rh8 31. Re1 Qd6 32. Qb5 Qc6 33. Qb4 Rgh3 34. Rfe2 Rh1 35. a3 Rxe1+ 36. Rxe1 Rh2 37. c3 Qb6 38. Rc1 g5 39. a4 Qxb4 40. cxb4 Rd2 41. Rc7+ Kf6 42. Rxb7 Rxd4 43. a5 g4 44. b5 g3 45. Rc7 Rb4 46. b6 axb6 47. a6 Ra4 0-1

[Event "Madrid-ch Previa-A"]
[Site "Madrid"]
[Date "2025.02.03"]
[Round "1.10"]
[White "Marin Aso, Jose Luis"]
[Black "Cujba, Anca Claudia"]
[Result "1-0"]
[WhiteElo "1948"]
[BlackElo "1747"]
[PlyCount "58"]
[GameId "2141346953981045"]
[EventDate "2025.02.03"]
[EventType "swiss"]
[EventRounds "9"]
[EventCountry "ESP"]

1. e4 c6 2. d4 d5 3. e5 Bf5 4. h4 h5 5. Bd3 Bxd3 6. Qxd3 e6 7. Bg5 Qb6 8. Nd2 c5 9. c4 Qxb2 10. Rd1 Qxd4 11. Qe2 Nc6 12. Ngf3 Qb2 13. cxd5 exd5 14. Rb1 Qc2 15. Qb5 Rb8 16. O-O Be7 17. Rfc1 Qg6 18. Re1 f6 19. exf6 gxf6 20. Bf4 a6 21. Qe2 Rd8 22. Rxb7 Qf7 23. Qxa6 Nd4 24. Nxd4 cxd4 25. Bd6 Rh7 26. Qa3 Rd7 27. Qa4 Kf8 28. Rxd7 Qg6 29. Qa8+ Qe8 1-0

[Event "Madrid-ch Previa-A"]
[Site "Madrid"]
[Date "2025.02.03"]
[Round "1.11"]
[White "Ortega Molina, Tomas"]
[Black "Garcia Galeote, Lorenzo"]
[Result "0-1"]
[WhiteElo "1736"]
[BlackElo "1944"]
[PlyCount "68"]
[GameId "2141347706989699"]
[EventDate "2025.02.03"]
[EventType "swiss"]
[EventRounds "9"]
[EventCountry "ESP"]

1. d4 g6 2. c4 Bg7 3. Nc3 d6 4. e4 Nc6 5. Nf3 Bg4 6. Be3 e5 7. d5 Nce7 8. Be2 h6 9. h3 Bd7 10. O-O f5 11. Bd3 Nf6 12. Qc2 f4 13. Bd2 g5 14. Nh2 h5 15. Be2 Ng6 16. Qd1 Qc8 17. Nf3 g4 18. Ng5 Bh6 19. Ne6 Bxe6 20. dxe6 Qxe6 21. Nd5 Nxd5 22. cxd5 Qf6 23. hxg4 h4 24. Rc1 Rc8 25. Qa4+ Ke7 26. Qxa7 f3 27. Bxh6 fxe2 28. Rfe1 Rxh6 29. Qxb7 Kd8 30. Rxe2 h3 31. Rec2 Rh7 32. Rc3 hxg2 33. Kxg2 Nf4+ 34. Kg1 Qh4 0-1

[Event "Madrid-ch Previa-A"]
[Site "Madrid"]
[Date "2025.02.03"]
[Round "1.12"]
[White "Martin Rodriguez, Emilio"]
[Black "Rubio Rivera, Felix"]
[Result "1-0"]
[WhiteElo "1939"]
[BlackElo "1727"]
[PlyCount "58"]
[GameId "2141348705225883"]
[EventDate "2025.02.03"]
[EventType "swiss"]
[EventRounds "9"]
[EventCountry "ESP"]

1. e4 c6 2. d4 d5 3. e5 Bf5 4. h4 h5 5. Bd3 Bxd3 6. Qxd3 e6 7. Bg5 Qb6 8. Nd2 Nd7 9. Ngf3 c5 10. c4 cxd4 11. cxd5 exd5 12. O-O Be7 13. Rfe1 Nc5 14. Qxd4 Ne6 15. Qxd5 Rd8 16. Qe4 Bxg5 17. hxg5 Ne7 18. Nc4 Qc6 19. Nd6+ Kf8 20. Nxb7 Qxe4 21. Rxe4 Rb8 22. Nd6 g6 23. b3 Kg7 24. Ra4 Ra8 25. Rc1 Rhd8 26. Nd4 Nxg5 27. Rc7 Kf8 28. Raxa7 Rxa7 29. Rxa7 Nc8 1-0

[Event "Madrid-ch Previa-A"]
[Site "Madrid"]
[Date "2025.02.03"]
[Round "1.13"]
[White "Fernandez Rios, Jose Francisco"]
[Black "Camarero Izquierdo, Juan Carlos"]
[Result "1-0"]
[WhiteElo "1720"]
[BlackElo "1936"]
[PlyCount "53"]
[GameId "2141349658061993"]
[EventDate "2025.02.03"]
[EventType "swiss"]
[EventRounds "9"]
[EventCountry "ESP"]

1. d4 d5 2. c4 e6 3. Nc3 f5 4. e3 c6 5. Bd3 Nf6 6. Nge2 Bd6 7. Qc2 Ne4 8. cxd5 exd5 9. O-O O-O 10. f3 Ng5 11. e4 fxe4 12. Bxg5 Qxg5 13. fxe4 Rxf1+ 14. Rxf1 Bh3 15. Ng3 Bxg3 16. hxg3 Qxg3 17. exd5 g6 18. Ne4 Qe3+ 19. Kh1 Bxg2+ 20. Kxg2 Qxd4 21. dxc6 Nxc6 22. Qb3+ Kh8 23. Qxb7 Rd8 24. Nf6 Qxb2+ 25. Qxb2 Rxd3 26. Nh5+ Rd4 27. Rf8# 1-0

[Event "Madrid-ch Previa-A"]
[Site "Madrid"]
[Date "2025.02.03"]
[Round "1.14"]
[White "Rodriguez Garcia, Jose Maria"]
[Black "Olmos Sanz, Francisco J"]
[Result "1-0"]
[WhiteElo "1935"]
[BlackElo "1717"]
[PlyCount "69"]
[GameId "2141350763461815"]
[EventDate "2025.02.03"]
[EventType "swiss"]
[EventRounds "9"]
[EventCountry "ESP"]

1. d4 f5 2. Bg5 Nf6 3. Bxf6 exf6 4. e3 d5 5. Bd3 Nc6 6. c3 Bd6 7. Ne2 Bd7 8. Nf4 Ne7 9. O-O O-O 10. Qf3 c6 11. c4 g5 12. Nh5 Qe8 13. Ng3 g4 14. Qd1 h5 15. Qc2 Qg6 16. Nc3 h4 17. Nge2 Qg5 18. g3 Rf7 19. Nf4 Rh7 20. Qb3 Bxf4 21. exf4 Qh6 22. Qc2 Re8 23. Rae1 Qh5 24. Re2 Kf8 25. Rfe1 Qf7 26. b3 Qh5 27. Qb2 Ng6 28. Qa3+ Rhe7 29. Qd6 Kf7 30. Rxe7+ Rxe7 31. Rxe7+ Nxe7 32. Qxd7 hxg3 33. fxg3 Qh7 34. cxd5 Qh8 35. d6 1-0

[Event "Madrid-ch Previa-A"]
[Site "Madrid"]
[Date "2025.02.03"]
[Round "1.15"]
[White "Yaniz Lana, Francisco Javier"]
[Black "De la Orden Alcocer, Alejandro"]
[Result "0-1"]
[WhiteElo "1716"]
[BlackElo "1927"]
[PlyCount "62"]
[GameId "2141362484976847"]
[EventDate "2025.02.03"]
[EventType "swiss"]
[EventRounds "9"]
[EventCountry "ESP"]

1. d4 g6 2. Nf3 Nf6 3. g3 Bg7 4. Bg2 d5 5. O-O O-O 6. c4 c6 7. cxd5 cxd5 8. Nc3 Nc6 9. Bg5 Ne4 10. Bf4 Nxc3 11. bxc3 b6 12. Rc1 Ba6 13. Qd2 Re8 14. Rfe1 Rc8 15. e4 dxe4 16. Rxe4 Na5 17. Rce1 Bb7 18. R4e2 Nc4 19. Qc1 Qd7 20. Ne5 Nxe5 21. Bxb7 Nd3 22. Bxc8 Qxc8 23. Qa3 Nxe1 24. Rxe1 e6 25. Rc1 a6 26. Qd6 b5 27. Qb4 Qd7 28. Qa5 Qc6 29. Qa3 Rc8 30. Bd6 Bxd4 31. Bb4 Bg7 0-1

[Event "Madrid-ch Previa-A"]
[Site "Madrid"]
[Date "2025.02.03"]
[Round "1.16"]
[White "Lorenzo Bailador, Alfredo"]
[Black "Jimenez Jimenez, Darfo"]
[Result "1-0"]
[WhiteElo "1927"]
[BlackElo "1710"]
[PlyCount "77"]
[GameId "2141367155522786"]
[EventDate "2025.02.03"]
[EventType "swiss"]
[EventRounds "9"]
[EventCountry "ESP"]

1. e4 d5 2. d3 dxe4 3. dxe4 e5 4. Qxd8+ Kxd8 5. Bc4 Be6 6. Bxe6 fxe6 7. Be3 Nc6 8. c3 Nf6 9. f3 Nd7 10. Nd2 Bc5 11. Ke2 a5 12. a4 Rb8 13. Nc4 b5 14. axb5 Rxb5 15. Nh3 Bxe3 16. Kxe3 Ke7 17. Nf2 Rd8 18. Nd3 Kf6 19. Ra2 Nc5 20. Nxc5 Rxc5 21. Nd2 Rb8 22. Rha1 Ke7 23. Kd3 Rd8+ 24. Ke2 Rb8 25. Kd1 Rd8 26. Ra4 Rb5 27. Kc2 Rc5 28. Kd1 Rb8 29. Kc1 Rd8 30. Kd1 Rb8 31. R1a2 Rd8 32. Ke2 Rb5 33. Nc4 Rdb8 34. Kd3 Rd8+ 35. Kc2 Rc5 36. Nxa5 Nd4+ 37. Kb1 Ne2 38. Rc4 Rb5 39. Nc6+ 1-0

[Event "Madrid-ch Previa-A"]
[Site "Madrid"]
[Date "2025.02.03"]
[Round "1.17"]
[White "Santos Rodriguez, Jose"]
[Black "Marin Lopez, Jeronimo"]
[Result "0-1"]
[WhiteElo "1710"]
[BlackElo "1922"]
[PlyCount "64"]
[GameId "2141368953793776"]
[EventDate "2025.02.03"]
[EventType "swiss"]
[EventRounds "9"]
[EventCountry "ESP"]

1. d4 d6 2. Bf4 g6 3. Nf3 Bg7 4. e3 Nf6 5. Be2 O-O 6. h3 Nfd7 7. O-O e5 8. dxe5 dxe5 9. Bh2 Nc6 10. Nc3 Ne7 11. Rb1 c6 12. a4 h6 13. Qd2 Nf5 14. Rfd1 Qe7 15. b4 Re8 16. b5 e4 17. Nd4 Nxd4 18. exd4 e3 19. fxe3 Qxe3+ 20. Qxe3 Rxe3 21. Rb3 Nf6 22. Kf2 Re8 23. Bf3 Be6 24. d5 cxd5 25. Nxd5 Rac8 26. Nc7 Bxb3 27. Nxe8 Rxc2+ 28. Kg1 Nxe8 29. Rd8 Kh7 30. Rxe8 Bd4+ 31. Kf1 Bxa4 32. Be2 Rc1+ 0-1

[Event "Madrid-ch Previa-A"]
[Site "Madrid"]
[Date "2025.02.03"]
[Round "1.18"]
[White "Vazquez Gonzalez, Jesus"]
[Black "Villodre Miranda, Juan Alonso"]
[Result "1-0"]
[WhiteElo "1920"]
[BlackElo "1698"]
[PlyCount "40"]
[GameId "2141442617438331"]
[EventDate "2025.02.03"]
[EventType "swiss"]
[EventRounds "9"]
[EventCountry "ESP"]

1. e4 c5 2. Nc3 Nc6 3. a4 e5 4. Bc4 d6 5. d3 Nf6 6. Nge2 Be7 7. f4 Bg4 8. h3 Bxe2 9. Qxe2 Nd4 10. Qd1 a6 11. O-O O-O 12. f5 Rb8 13. a5 Nc6 14. Nd5 Nxd5 15. Bxd5 Kh8 16. Qh5 Qe8 17. f6 Bxf6 18. Rxf6 gxf6 19. Bh6 Ne7 20. Bxf8 Qxf8 1-0

[Event "Madrid-ch Previa-A"]
[Site "Madrid"]
[Date "2025.02.03"]
[Round "1.19"]
[White "Quintans Cunha, Guillerme"]
[Black "Martin Martin, Luis Vicente"]
[Result "0-1"]
[WhiteElo "1685"]
[BlackElo "1916"]
[PlyCount "38"]
[GameId "2141444150317498"]
[EventDate "2025.02.03"]
[EventType "swiss"]
[EventRounds "9"]
[EventCountry "ESP"]

1. e4 g6 2. d4 Bg7 3. Nc3 c5 4. Nf3 cxd4 5. Nxd4 Nc6 6. Be3 Nf6 7. Be2 O-O 8. O-O d5 9. Nxc6 bxc6 10. exd5 cxd5 11. f4 Qa5 12. a3 Ba6 13. Bxa6 Qxa6 14. Nxd5 Nxd5 15. Qxd5 Bxb2 16. Ra2 e6 17. Qe4 Bc3 18. Bd4 Qc4 19. Rd1 Rad8 0-1

[Event "Madrid-ch Previa-A"]
[Site "Madrid"]
[Date "2025.02.03"]
[Round "1.20"]
[White "Pulido Gomez, Pablo"]
[Black "Munoz Rodriguez, Blas"]
[Result "1-0"]
[WhiteElo "1913"]
[BlackElo "1683"]
[PlyCount "63"]
[GameId "2141444848771574"]
[EventDate "2025.02.03"]
[EventType "swiss"]
[EventRounds "9"]
[EventCountry "ESP"]

1. e4 c6 2. d4 d5 3. e5 Bf5 4. Nd2 e6 5. Nb3 Nd7 6. Nf3 Qc7 7. Be3 a6 8. c3 c5 9. Nxc5 Nxc5 10. dxc5 Bxc5 11. Qa4+ Kf8 12. Bd4 Ne7 13. Be2 Bg6 14. O-O Nf5 15. Rac1 Qe7 16. Bxc5 Qxc5 17. c4 Nd4 18. Nxd4 Qxd4 19. Qb4+ Ke8 20. Qxb7 Qa7 21. Qxa7 Rxa7 22. cxd5 Kd7 23. d6 Rb8 24. b3 Rb4 25. Bc4 a5 26. a4 f6 27. f4 Be4 28. Bb5+ Kd8 29. Rc3 Rd4 30. Rfc1 Ra8 31. Rc7 Rd2 32. Rxg7 1-0

[Event "Madrid-ch Previa-A"]
[Site "Madrid"]
[Date "2025.02.03"]
[Round "1.21"]
[White "Aquilino Rodriguez, Virgilio"]
[Black "Alvarez Abejon, Amilcar"]
[Result "0-1"]
[WhiteElo "1675"]
[BlackElo "1912"]
[PlyCount "48"]
[GameId "2141445665108485"]
[EventDate "2025.02.03"]
[EventType "swiss"]
[EventRounds "9"]
[EventCountry "ESP"]

1. e4 Nf6 2. Nc3 e5 3. Bc4 Nc6 4. Nf3 Nxe4 5. Bxf7+ Kxf7 6. Nxe4 d5 7. Ng3 Bc5 8. d3 Rf8 9. O-O Kg8 10. b3 Bg4 11. h3 Bxf3 12. gxf3 Nd4 13. Be3 Nxf3+ 14. Kh1 Bd6 15. c4 c6 16. c5 Bc7 17. Qc2 Qd7 18. Kg2 Qf7 19. Qe2 Qg6 20. Rh1 Rae8 21. Rad1 h5 22. h4 Qg4 23. Bg5 e4 24. dxe4 Bxg3 0-1

[Event "Madrid-ch Previa-A"]
[Site "Madrid"]
[Date "2025.02.03"]
[Round "1.22"]
[White "Bocancea, Cristian Andrei"]
[Black "De Juan Rivas, Antonio"]
[Result "1-0"]
[WhiteElo "1905"]
[BlackElo "1647"]
[PlyCount "51"]
[GameId "2141446690804253"]
[EventDate "2025.02.03"]
[EventType "swiss"]
[EventRounds "9"]
[EventCountry "ESP"]

1. d4 d5 2. c4 Nf6 3. cxd5 Qxd5 4. Nc3 Qa5 5. Bd2 g6 6. e4 c6 7. Bc4 Bg7 8. e5 Ng4 9. e6 f5 10. Nf3 Qd8 11. Bf4 a6 12. a4 a5 13. O-O Na6 14. d5 Bxc3 15. bxc3 cxd5 16. Bb5+ Kf8 17. Qd4 Nf6 18. Ng5 Nc7 19. Qb6 Nxe6 20. Nxe6+ Bxe6 21. Qxe6 Kg7 22. Rfe1 Ne4 23. Be5+ Kh6 24. f3 Ng5 25. Bf4 Qc8 26. Qe3 1-0

[Event "Madrid-ch Previa-A"]
[Site "Madrid"]
[Date "2025.02.03"]
[Round "1.23"]
[White "Diez Acero, Pablo"]
[Black "Moreno Torrero, Javier"]
[Result "0-1"]
[WhiteElo "1639"]
[BlackElo "1900"]
[PlyCount "46"]
[GameId "2141447321625142"]
[EventDate "2025.02.03"]
[EventType "swiss"]
[EventRounds "9"]
[EventCountry "ESP"]

1. e4 c5 2. Nf3 Nc6 3. d4 cxd4 4. Nxd4 Nf6 5. Nc3 e5 6. Nb3 d6 7. Be3 Be7 8. Qd2 Be6 9. f3 a6 10. Bd3 O-O 11. h4 Nb4 12. h5 d5 13. exd5 Nfxd5 14. Nxd5 Nxd5 15. g3 Nxe3 16. Qxe3 Bg5 17. Qxe5 Bxb3 18. Kf1 Qd5 19. Qe2 Rae8 20. Qg2 Bc4 21. Rd1 Bxd3+ 22. Rxd3 Qxa2 23. f4 Qb1+ 0-1

[Event "Madrid-ch Previa-A"]
[Site "Madrid"]
[Date "2025.02.03"]
[Round "1.24"]
[White "Albert Aparicio, Ismael"]
[Black "Ropero Galan, Samuel"]
[Result "1-0"]
[WhiteElo "1886"]
[BlackElo "1623"]
[PlyCount "60"]
[GameId "2141450505089605"]
[EventDate "2025.02.03"]
[EventType "swiss"]
[EventRounds "9"]
[EventCountry "ESP"]

{[%evp 0,60,11,20,-16,18,30,18,22,21,42,27,31,29,21,-2,51,26,33,17,24,41,69,69,152,1,112,33,111,44,244,155,362,282,387,347,480,337,180,327,312,303,360,299,455,537,558,549,558,520,786,657,817,820,1092,1261,1237,1258,1585,1869,1933,2058,2055]} 1. e4 e5 2. Nf3 Nc6 3. d4 exd4 4. Nxd4 Bb4+ 5. c3 Bc5 6. Be3 Bb6 7. Bc4 Qf6 8. Na3 Nge7 9. Nac2 O-O 10. O-O d6 11. Nb5 Rd8 12. Kh1 Ne5 13. Be2 d5 14. f4 Nc4 15. Bxc4 Be6 16. e5 Qh6 17. Bd3 Nf5 18. Bxf5 Bxf5 19. Nbd4 Be4 20. Qg4 g6 21. f5 Qg7 22. f6 Qf8 23. e6 Rd6 24. Bf4 c5 25. e7 Qe8 26. Bxd6 Bxc2 27. Qg5 Kh8 28. Nxc2 Rd8 29. Qh6 Qg8 30. exd8=Q Bxd8 1-0

[Event "Madrid-ch Previa-A"]
[Site "Madrid"]
[Date "2025.02.03"]
[Round "1.25"]
[White "Carbo de Haya, Jaime"]
[Black "Marquez Misel, Michael Angel"]
[Result "0-1"]
[WhiteElo "1622"]
[BlackElo "1879"]
[PlyCount "78"]
[GameId "2141466967294043"]
[EventDate "2025.02.03"]
[EventType "swiss"]
[EventRounds "9"]
[EventCountry "ESP"]

1. e4 c5 2. d4 cxd4 3. c3 Nf6 4. e5 Nd5 5. cxd4 d6 6. Nf3 Nc6 7. h3 g6 8. Bc4 Nb6 9. Bb3 Bg7 10. Bf4 dxe5 11. Nxe5 Nxe5 12. dxe5 Qxd1+ 13. Kxd1 Bf5 14. Re1 Rd8+ 15. Kc1 O-O 16. g4 Bd3 17. Nc3 e6 18. a4 Nd7 19. Bc2 Nc5 20. b4 Na6 21. Rb1 Bxc2 22. Kxc2 Rd4 23. Re4 Rfd8 24. Bg3 Rxe4 25. Nxe4 Rd4 26. Nf6+ Kh8 27. Kc3 Rd8 28. Rb2 Bf8 29. Ne4 Nxb4 30. Nd6 Bxd6 31. exd6 Nd5+ 32. Kd4 Rd7 33. Rc2 Kg7 34. Rc7 Nxc7 35. Kc5 Nd5 36. g5 f6 37. h4 h6 38. f4 Nc3 39. a5 Ne4+ 0-1

[Event "Madrid-ch Previa-A"]
[Site "Madrid"]
[Date "2025.02.03"]
[Round "1.26"]
[White "Balsera Gomez, Antonio"]
[Black "Perez de las Penas, Jorge Ivan"]
[Result "1-0"]
[WhiteElo "1873"]
[BlackElo "1620"]
[PlyCount "41"]
[GameId "2141468725375097"]
[EventDate "2025.02.03"]
[EventType "swiss"]
[EventRounds "9"]
[EventCountry "ESP"]

1. d4 Nf6 2. Nf3 e6 3. e3 c5 4. Bd3 d5 5. b3 Be7 6. Bb2 Nc6 7. Nbd2 O-O 8. a3 b6 9. O-O Bb7 10. Ne5 Nxe5 11. dxe5 Nd7 12. f4 Qc7 13. Rf3 c4 14. Bxh7+ Kxh7 15. Rh3+ Kg8 16. Qh5 f6 17. Qg6 c3 18. f5 Nxe5 19. Qh7+ Kf7 20. Qh5+ Kg8 21. fxe6 1-0

[Event "Madrid-ch Previa-A"]
[Site "Madrid"]
[Date "2025.02.03"]
[Round "1.27"]
[White "Veuthey Martinez, Eloy"]
[Black "Dominguez Garcia, Jose Manuel"]
[Result "0-1"]
[WhiteElo "1601"]
[BlackElo "1863"]
[PlyCount "72"]
[GameId "2141469301624967"]
[EventDate "2025.02.03"]
[EventType "swiss"]
[EventRounds "9"]
[EventCountry "ESP"]

1. d4 e6 2. Nf3 f5 3. Bf4 Nf6 4. e3 Be7 5. h3 b6 6. Be2 Bb7 7. O-O Ne4 8. c4 d6 9. Nfd2 O-O 10. Nxe4 fxe4 11. Bg4 Bc8 12. Nc3 Bg5 13. Bxg5 Qxg5 14. Nxe4 Qg6 15. Nd2 Bb7 16. Bf3 Nc6 17. Be4 Qh6 18. a3 Rf6 19. Nf3 Raf8 20. Nh2 R6f7 21. Qg4 Kh8 22. Nf3 g6 23. Qg5 Qg7 24. b4 Rf6 25. Ra2 h6 26. Qg3 Nxd4 27. Bxb7 Nf5 28. Qh2 g5 29. g4 Ne7 30. Ne1 Ng6 31. Nd3 Nh4 32. f4 Qh7 33. Nf2 d5 34. Qg3 c5 35. cxd5 Qxb7 36. dxe6 Nf3+ 0-1

[Event "Madrid-ch Previa-A"]
[Site "Madrid"]
[Date "2025.02.03"]
[Round "1.28"]
[White "Alonso Anton, Carlos"]
[Black "Diaz Del Prado, Carlos"]
[Result "1-0"]
[WhiteElo "1856"]
[BlackElo "1597"]
[PlyCount "53"]
[GameId "2141470258520223"]
[EventDate "2025.02.03"]
[EventType "swiss"]
[EventRounds "9"]
[EventCountry "ESP"]

1. d4 Nf6 2. Nf3 e6 3. e3 b6 4. Bd3 Ba6 5. O-O Bxd3 6. Qxd3 d5 7. Nbd2 Nbd7 8. e4 dxe4 9. Nxe4 Be7 10. Nxf6+ Nxf6 11. Ne5 O-O 12. Nc6 Qd7 13. Nxe7+ Qxe7 14. Bg5 h6 15. Bh4 Rad8 16. Qe3 Rfe8 17. Rfe1 g5 18. Bg3 Nd5 19. Qc1 b5 20. f4 Qf6 21. fxg5 Qxg5 22. c3 Qxc1 23. Raxc1 c6 24. a3 a6 25. Rf1 Kh7 26. Rxf7+ Kg6 27. Ra7 1-0